| 000 | 00550nam a22001817a 4500 | ||
|---|---|---|---|
| 005 | 20231115122934.0 | ||
| 010 | _aENG-138375 | ||
| 020 |
_a9788125952091 _c140.00 |
||
| 035 | _aEN-121907 | ||
| 037 | _bDBAD | ||
| 082 |
_a000 _2First |
||
| 245 |
_aCCE Term 1 Sample Papers 10/ _hEnglish |
||
| 250 | _aFirst | ||
| 260 |
_aNoida _bVikas publishing House Pvt Ltd _c2012 |
||
| 270 |
_aE-28, Sector-8, _bNoida _e201301 _k0120-4078900 _l0120-4078999 _minfo@madhubunbooks.com |
||
| 300 |
_a220p. _c27cm(pbk) |
||
| 942 |
_2ddc _cEN _h000 _mCCE |
||
| 999 |
_c199085 _d199085 |
||